000 01102nam0a2200337 i 4500
001 RU\NLR\BIBL_A\010477493
005 20260406123619.0
010 _a9785699728558
_94000
021 _aRU
_b2014-59315
_93599
035 _a(NILC)RuMoRGB-007530611
035 _a(NLR Aleph) 010477493
090 _a10051416
_c10051416
100 _a20141016d2014 km y0rusy50 ca
101 1 _arus
_ceng
102 _aRU
105 _ay|||z|||000ay
200 1 _aАнглийская мадонна
_fБарбара Картленд
_g[пер. с англ. А. Кононовой]
210 _aМосква
_cЭксмо
_d2014
215 _a312, [3] с.
_d17
225 1 _aМоя прекрасная леди
333 _a16+
675 _a821.111-31
686 1 _aШ6(4Вл)67-440.4(Лх1299-50)
700 1 _4070
_8rus
_7ca
_aКартланд
_bБ.
_f1901-2000
_gБарбара
_3RU\NLR\AUTH\77841
_9110879
801 0 _aRU
_bRuMoRKP
_c20130422
_gRCR
801 2 _aRU
_bРГБ
_c20140806
_grcr
942 _cBOOK
980 _aNBR